000 00837cam a2200301 i 4500
001 768714001
003 CO-MdFUSB
005 20241204125548.0
007 ta
008 241204t1984 -sp||||| |||| 00| 0 spa d
020 _a84-7228-912-5
040 _cCO-MdFUSB
041 0 _aspa
082 0 4 _223
_a237.1
_bB3552e
100 1 _aBaxter, Richard (1615-1691)
_eautor
245 1 0 _aLa esperanza cristiana para la otra vida
_c/ Richard Baxter ; traducido por David Muniesa
264 1 _aTerrassa, Barcelona :
_bClie,
_c[1984]
264 4 _c©1984
300 _a112 páginas
336 _atexto
_btxt
_2rdacontent
337 _2rdamedia
_asin mediación
_bn
338 _2rdacarrier
_avolumen
_bnc
563 _aRustico
653 _aescatología
700 _aMuniesa, David
_911186
_eTraductor
942 _cBK
945 _aMiguel
999 _c35172
_d35172